Catálogo

Amor líquido : (Registro nro. 58841)

Detalles MARC
000 -LEADER
fixed length control field 01405cam a2200361 i 4500
001 - CONTROL NUMBER
control field 58841
003 - CONTROL NUMBER IDENTIFIER
control field Mx-PuUPA
005 - DATE AND TIME OF LATEST TRANSACTION
control field 20240410104055.0
008 - FIXED-LENGTH DATA ELEMENTS--GENERAL INFORMATION
fixed length control field 140415s2005 mx r 000 0 spa d
020 ## - INTERNATIONAL STANDARD BOOK NUMBER
International Standard Book Number 9789681683726
Qualifying information rústico
040 ## - CATALOGING SOURCE
Original cataloging agency MX-PuUPA
Language of cataloging spa
Description conventions rda
Transcribing agency Mx-PuUPA
Modifying agency Mx-PuUPA
041 1# - LANGUAGE CODE
Language code of text/sound track or separate title spa
Language code of original eng
100 1# - MAIN ENTRY--PERSONAL NAME
Personal name Bauman, Zygmunt,
Dates associated with a name 1925-2017
Relator term autor
9 (RLIN) 6292
240 10 - UNIFORM TITLE
Uniform title Loquid love, on the frailty of human bonds.
Language of a work Español
245 10 - TITLE STATEMENT
Title Amor líquido :
Remainder of title acerca de la fragilidad de los vínculos humanos /
Statement of responsibility, etc. Zygmunt Bauman ; traducción de Mirta Rosenberg y Jaime Arrambide.
250 ## - EDITION STATEMENT
Edition statement Primera edición
264 #1 - PRODUCTION, PUBLICATION, DISTRIBUTION, MANUFACTURE, AND COPYRIGHT NOTICE
Place of production, publication, distribution, manufacture Buenos Aires, Argentina :
Name of producer, publisher, distributor, manufacturer Fondo de Cultura Económica,
Date of production, publication, distribution, manufacture, or copyright notice 2005
300 ## - PHYSICAL DESCRIPTION
Extent 203 páginas ;
Dimensions 21 cm.
336 ## - CONTENT TYPE
Content type term texto
Fuente rdacontent
Content type code txt
337 ## - MEDIA TYPE
Media type term sin medio
Source rdamedia
Media type code n
338 ## - CARRIER TYPE
Carrier type term volume
Source rdacarrier
Carrier type code nc
490 0# - SERIES STATEMENT
Series statement Sección de obras de sociología
545 ## - BIOGRAPHICAL OR HISTORICAL DATA
Biographical or historical data Reimpresiones: (Decimotercera).
650 #7 - SUBJECT ADDED ENTRY--TOPICAL TERM
Topical term or geographic name entry element Amor
General subdivision Relaciones humanas
Source of heading or term armarc
650 #7 - SUBJECT ADDED ENTRY--TOPICAL TERM
Topical term or geographic name entry element Globalización
General subdivision Ética
Source of heading or term armarc
700 1# - ADDED ENTRY--PERSONAL NAME
Personal name Rosenberg, Mirta,
Relator term traductor
700 1# - ADDED ENTRY--PERSONAL NAME
Personal name Arrambide, Jaime,
Relator term traductor
765 08 - ORIGINAL LANGUAGE ENTRY
Main entry heading Bauman, Zygmunt, 1925-2017.
Title Loquid love : on the frailty of human bonds.
942 ## - ADDED ENTRY ELEMENTS (KOHA)
Source of classification or shelving scheme Dewey Decimal Classification
Koha item type Libro
Classification part 177.7
Item part B337
Existencias
Withdrawn status Lost status Source of classification or shelving scheme Damaged status Not for loan Collection code Home library Current library Shelving location Date acquired Source of acquisition Total Checkouts Total Renewals Full call number Barcode Date last seen Date last checked out Price effective from Koha item type Copy number
    Dewey Decimal Classification   Consulta en sala Magisterial Biblioteca Karol Wojtyla Biblioteca Karol Wojtyla Sala general 07/12/2015 Compra 8 2 177.7 B337 2005 94906 05/01/2026 31/01/2020 06/12/2017 Magisterial  
    Dewey Decimal Classification     General Biblioteca Karol Wojtyla Biblioteca Karol Wojtyla Sala general 03/12/2013 Compra 8 6 177.7 B337 2005 89034 04/06/2022 07/05/2022 06/12/2017 Libro Ej.2
    Dewey Decimal Classification     General Biblioteca Karol Wojtyla Biblioteca Karol Wojtyla Sala general 09/07/2014 Compra 10 4 177.7 B337 2005 89036 10/09/2025 28/08/2025 04/12/2017 Libro Ej.4
    Dewey Decimal Classification     General Biblioteca Karol Wojtyla Biblioteca Karol Wojtyla Sala general 09/07/2014 Compra 7 2 177.7 B337 2005 89035 17/07/2023 25/01/2023 04/12/2017 Libro Ej.3